000 00542 a2200169 4500
999 _c7725
_d7725
010 _aENG-88170
020 _c595.00
_a9788189937027
035 _aEN-71703
037 _bDBAD / PUB
082 1 4 _a333.7
100 _aSelviraj, V.
245 1 _aFundamentals of environmental economics/
_cby V. Selviraj
260 _aNew Delhi
_bArise Publishers & Distributors
_c2008
270 _a4648/1, 21, Ansari Road, Darya Ganj,
_bNew Delhi
_e110 002
300 _av, 224p.
_c21cm (Hb)
942 _adpl
_cEN
_k333.7 / SEL
_2ddc
_h333.7
_mSEL